Hiszpański - przedmioty i czasowniki zwierzęce - Statystyki

Ogólne statystyki
  • Ten quiz został rozwiązany 13 razy
    12 od ostatniego zresetowania
  • Średni wynik to 12 z 31
Statystyki odpowiedzi
Hint Odpowiedź % Poprawnych
trwać durar
100%
żądlić picar
100%
wić gniazdo anidar
50%
drapać arańar
50%
beczeć balar
50%
mieścić się caber
50%
kosztować, być trudnym, sprawiać problemy costar
50%
kształtować formar
50%
pracować, działać funcionar
50%
uwzględniać, zawierać, obejmować incluir
50%
wysiadywać jaja incubar
50%
wpływać influir
50%
szczekać ladrar
50%
miauczeć maullar
50%
migrować, odlatywać migrar
50%
gryźć morder
50%
zdarzać się, odbywać się ocurrir
50%
przynależeć, należeć pertenecer
50%
odzwierciedlić reflejar
50%
wyłaniać się surgir
50%
traktować tratar
50%
kosztować valer
50%
przeterminować się caducar
0%
wyróżniać destacar
0%
pasować favorecer
0%
ryczeć mugir
0%
rodzić parir
0%
rżeć relinchar
0%
skradać się reptar
0%
zdarzać suceder
0%
pełzać trepar
0%
Nie znaleziono quizów pasujących do podanych kryteriów
Rozkład punktacji
Procent ludzi z każdym wynikiem
Percentyl według liczby udzielonych odpowiedzi
Twoja historia wyników
Nie rozwiązałeś tego quizu od ostatniego zresetowania